000 00589nam a2200217Ia 4500
005 20250326144620.0
008 250326s9999 xx 000 0 und d
020 _a978-0-470-11479-7
037 _aTextbook
040 _aFMSL
_beng
_cFMSL
041 _aeng
_2eng
084 _aX:8 P7
_qFMSL
100 _aPickett K H Spencer
245 0 _aCorporate fraud:manager's journey
_cPickett K H Spencer
260 _aNY
_bNY, John Wiley
_c2007
300 _aix,308
365 _b2811.0554999999999
650 _aManagement
942 _cTB
_hX:8 P7
999 _c1304335
_d1304335